Romaria - Elis Regina - Letra - Statistics

Estatísticas Gerais
  • Esse quiz foi jogado 24 vezes
  • A pontuação média é 176 de 217
Estatísticas das Respostas
% Correto
a
100%
A
100%
da
100%
de
100%
De
100%
minha
100%
O
100%
o
100%
100%
se
100%
Se
100%
100%
vi
100%
Aparecida
94%
caipira
94%
É
94%
e
94%
E
94%
Ilumina
94%
94%
nos
94%
pora
94%
Senhora
94%
Sou
94%
vida
94%
Nossa
88%
pira
88%
Me
81%
meu
81%
Meu
81%
mina
81%
trem
81%
na
75%
pai
75%
que
75%
destino
69%
em
69%
escura
69%
eu
69%
Feito
69%
irmãos
69%
Meus
69%
peão
69%
perderam
69%
sei
69%
sol
69%
solidão
69%
um
69%
cavalo
63%
sonho
63%
foi
63%
funda
63%
mae
63%
não
63%
nunca
63%
perdido
63%
aventuras
56%
gibeira
56%
jiló
56%
romaria
56%
Dessa
50%
rezar
50%
Sobre
50%
sorte
50%
disseram
44%
laço
44%
olhar
44%
pensamentos
44%
porém
44%
aqui
38%
Como
38%
custa
38%
Descasei
38%
desisti
38%
38%
investi
38%
prece
38%
queria
38%
cumprida
31%
joguei
31%
mostrar
31%
Paz
31%
pedir
31%
viesse
31%
Pra
25%
desaventos
19%
Nenhum quiz correspondente encontrado
Distribuição das Pontuações
Porcentagem de Pessoas com Cada Pontuação
Percentil de Números Respondidos
Sua Pontuação Histórica
Você não jogou esse quiz